Comments of the Lagos State Government on the report / (Record no. 22082)

MARC details
000 -LEADER
fixed length control field 00702nam a2200193Ia 4500
008 - FIXED-LENGTH DATA ELEMENTS--GENERAL INFORMATION
fixed length control field 210303s9999 xx 000 0 und d
016 ## - NATIONAL BIBLIOGRAPHIC AGENCY CONTROL NUMBER
Source reto2022b
040 ## - CATALOGING SOURCE
Original cataloging agency NLN
Language of cataloging English
Description conventions AACR2
110 ## - MAIN ENTRY--CORPORATE NAME
Corporate name or jurisdiction name as entry element NIGERIA. Lagos State. Tribunal of Inquiry into the purchase of Scania-Metropol buses from Sweden, 1970
245 #0 - TITLE STATEMENT
Title Comments of the Lagos State Government on the report /
260 ## - PUBLICATION, DISTRIBUTION, ETC. (IMPRINT)
Place of publication Lagos :
Name of publisher Lagos State Information Division, Governor's. office,
Date of publication 1971
300 ## - COLLATION
Pagination 48p. ;
Other physical details 24cm
563 ## - BINDING INFORMATION
Binding note (pbk)
650 ## - TRACINGS
Main Subject Scania
Subdivision (1st) Metropol buses in Lagos
650 ## - TRACINGS
Main Subject Motor vehicles
Subdivision (1st) Examinations, questions etc
942 ## - ADDED ENTRY ELEMENTS (KOHA)
Item type Books
086 ## - HOMEMADE CLASSIFICATION NUMBER
Classification number OD DT515 .L13
Item number A222
Holdings
Source of classification or shelving scheme Not for loan Home library Current library Date acquired Full call number Barcode. Koha item type
Library of Congress Classification   LAGOS BRANCH National Library of Nigeria 04/03/2021 OD DT515 .L13A222 2025-457072 Books

National Library of Nigeria OPAC is powered by Koha